[Event "XVII MetLife Najdorf Open 2017"]
[Site "Warsaw"]
[Date "2017.07.11"]
[Round "3.36"]
[White "Janik, Igor"]
[Black "Villegas, Pierre"]
[Result "1/2-1/2"]
[WhiteElo "2425"]
[BlackElo "2295"]
[Annotator "TA"]
[PlyCount "109"]
[EventDate "2017.??.??"]
[EventType "swiss"]
[EventCountry "POL"]
[SourceTitle "playchess.com"]
[Source "ChessBase"]
[SourceQuality "1"]

{[%evp 19,109,10,10,10,10,10,10,10,10,10,10,10,10,10,10,10,10,10,10,10,12,-11,-8,-18,0,0,0,0,0,0,0,0,0,-40,0,0,0,0,0,0,0,0,0,0,39,0,8,0,0,0,0,0,0,0,0,0,0,-256,-154,-150,-143,-112,0,0,0,0,0,-34,-31,-50,-14,-53,0,-33,-14,-50,-4,-29,0,0,22,-26,0,-14,-15,-70,-12,-18,0,-63,0,0]} 1. e4 c6 2. d4 d5 3. e5 Bf5 4. Nd2 e6 5. Nb3 Nd7 6. Nf3 c5 {B12: Caro-Kann: Advance Variation} (6... Qc7 7. Be2 c5 8. O-O c4 9. Nbd2 h6 10. c3 Ne7 11. b3 cxb3 12. Qxb3 Nc6 13. c4 Na5 14. Qa4 dxc4 15. Nxc4 Nxc4 16. Bxc4 {0-1 (51) Rublevsky,S (2689)-Fedoseev,V (2673) Novi Sad 2016}) 7. dxc5 Bxc5 8. Nxc5 Nxc5 9. Bb5+ Nd7 10. O-O Ne7 {LiveBook: 3 Games} 11. Bg5 a6 $146 ({Predecessor:} 11... O-O 12. c4 a6 13. Bxd7 Qxd7 14. Nd4 {1-0 (14) Fantoni,F-Gano,M IECG email 1999}) 12. Bxe7 Qxe7 13. Bxd7+ Qxd7 14. Nd4 Be4 15. Qg4 O-O 16. f3 Bg6 17. h4 h6 18. h5 Bh7 19. c3 Rac8 20. Rae1 b5 21. Re3 a5 22. f4 Kh8 23. Rg3 {[%csl Gg3][%cal Rg4g7]} Rg8 24. f5 exf5 25. Nxf5 {Black must now prevent Nd6.} Bxf5 26. Rxf5 {[#]} b4 $1 {[%mdl 512]} 27. Qf4 (27. cxb4 Rc1+) 27... bxc3 {[#]} 28. Rf6 $1 {[%mdl 512] White wants to mate with Rxh6+!} Rc6 {Hoping for ...c2.} (28... gxf6 29. Qxh6#) 29. bxc3 Rxf6 $1 30. exf6 $11 {[%mdl 4096] Endgame Threatening mate with Rxg7. KQR-KQR} Kh7 $1 31. Rf3 Qe6 32. Qd4 Qe4 33. Qf2 Rb8 {Strongly threatening ...Rb1+.} 34. Qg3 {[%csl Gf6][%cal Rg3g7]} Rg8 35. Qc7 Qe1+ 36. Rf1 Qe3+ 37. Kh1 Qe2 38. Rf4 $2 {[%mdl 8192]} (38. Kg1 $11 {and White is okay.}) 38... Qd1+ ({Avoid the trap} 38... Qxa2 $2 39. Qxf7 Qb1+ 40. Kh2 $16) ({Resist} 38... Qxh5+ 39. Kg1 $17) 39. Kh2 Qxh5+ 40. Kg1 Qd1+ (40... g5 $17 41. Rf5 Re8) 41. Rf1 Qh5 42. Qxa5 gxf6 43. Qb5 Qe5 44. Qd3+ Kh8 45. Qd2 {[%cal Rd2h6]} (45. Rf5 $5 {[%cal Rf5e5]} Qe1+ 46. Rf1 $15) 45... Kh7 (45... Kg7 $15) 46. Re1 Qf5 47. a4 (47. Rf1 $5 {[%cal Rf1f5]} Qe5 48. Qd3+ Kg7 49. Rf5 Qe1+ 50. Rf1 $15) 47... Qg5 48. Qc2+ Qg6 49. Qf2 Qg3 (49... Ra8 $5 {[%cal Ra8a4]}) 50. Qd2 Qg5 (50... Rg5 {feels hotter.} 51. Re3 Qc7 52. Qd4 Kg7 53. Rf3 Rg6) 51. Re3 Ra8 52. Qc2+ (52. Qd3+ $1 $11 Kh8 53. Qd4) 52... Qg6 (52... Kg7 $15 53. Rh3 Qf4) 53. Qd1 Qg5 54. Re2 (54. Qc2+ $11 Kg7 55. Rf3) 54... Qg4 ({Better is} 54... Kg7 $15 55. Rf2 Qh4) 55. Qxd5 {Precision: White = 51%, Black = 41%.} 1/2-1/2

[Event "XVII MetLife Najdorf Open 2017"]
[Site "Warsaw"]
[Date "2017.07.11"]
[Round "3.37"]
[White "Molenda, Marcin"]
[Black "Sieber, Fiona"]
[Result "1-0"]
[WhiteElo "2419"]
[BlackElo "2287"]
[Annotator "TA"]
[PlyCount "129"]
[EventDate "2017.??.??"]
[EventType "swiss"]
[EventCountry "POL"]
[SourceTitle "playchess.com"]
[Source "ChessBase"]
[SourceQuality "1"]

{[%evp 22,129,17,18,22,18,12,16,29,20,10,25,37,31,36,30,83,80,78,78,91,75,98,98,97,80,78,81,88,94,97,96,93,89,91,80,80,80,89,67,75,70,75,69,89,75,106,106,106,106,111,106,141,137,134,106,106,106,106,106,114,95,162,136,176,170,156,131,141,107,285,106,106,99,112,110,172,169,153,119,120,109,109,109,112,95,95,95,95,95,95,95,95,97,84,76,83,93,6390,4716,6390,6195,6681,6475,5811,5081,29978,29977,29982,29982]} 1. Nf3 Nf6 2. c4 g6 3. g3 Bg7 4. Bg2 d5 5. d4 dxc4 6. Na3 c3 7. bxc3 O-O 8. O-O c5 9. Qb3 Nc6 10. Rd1 Na5 11. Qb2 {D77: Fianchetto Grünfeld: 6 0-0: Replies other than 6...c6} cxd4 12. cxd4 {LiveBook: 18 Games} Qb6 $146 ({Predecessor:} 12... Be6 13. Bd2 Bd5 14. Be1 Qb6 15. Qb5 Nc4 16. Qxb6 Nxb6 17. Bb4 Ne4 18. e3 Na4 19. Bxe7 {1-0 (30) Nikolic,P (2619)-Sedlak,N (2586) Kragujevac 2013}) 13. Rb1 {The position is equal.} Bf5 14. Qxb6 axb6 15. Rxb6 Nd5 16. Rb2 $1 Nc3 17. Re1 Nc6 18. Rxb7 Nxa2 (18... Rfc8 $11 {keeps the balance.}) 19. Bb2 $16 Rfb8 20. Rxb8+ Rxb8 {[#]} 21. Ba1 $1 Be4 22. e3 Nab4 23. Nd2 (23. Nc4 {with more complications.} f5 24. Rd1 Bd5 25. Nfd2 g5 26. Rb1) 23... Bxg2 24. Kxg2 e5 25. dxe5 Nxe5 26. Bxe5 Bxe5 27. Ndc4 (27. Nac4 {keeps more tension.} Nd3 28. Rd1 Bg7 29. Nf3 Rb3 30. Nd4) 27... Nc6 28. Rb1 (28. Rd1 {is more complex.} Kg7 29. Rd5 Bf6 30. Rc5 Nd8 31. Rb5) 28... Rxb1 29. Nxb1 {[%mdl 4096] Endgame KBN-KNN} Bb8 30. e4 {[%cal Be3e4,Be4e5][%mdl 32]} Kg7 31. Nc3 h5 32. Nd5 Nd4 33. f4 Ne6 34. e5 Ba7 35. Nd6 Kf8 36. Kf3 Nd4+ 37. Ke4 Ne6 38. h3 Nc5+ 39. Kf3 Nd7 40. Ne4 Kg7 41. Ndf6 Nb8 (41... Nxf6 $16 42. Nxf6 Kf8) 42. Ng5 {Ne8+ is the strong threat.} Nc6 43. Ne8+ Kf8 44. Nd6 Nd8 45. Ke2 Bd4 $2 {[#]} (45... Kg7 $16 {was necessary.} 46. Kf3 f5) 46. Kd3 $2 (46. Ndxf7 $1 $18 {[%mdl 512]} Nc6 (46... Nxf7 47. Ne6+) 47. Kd3) 46... Bf2 47. Nde4 Be1 48. Kc4 Ke7 (48... Ne6 $16) 49. Nf3 $18 Ba5 50. Kb5 Bc7 51. Nd4 {Black must now prevent Nf6.} Ne6 52. Nc6+ Kf8 53. Nc5 Nxc5 54. Kxc5 $16 {KB-KN} Ke8 55. Nd4 Kd7 56. Kd5 Ba5 57. f5 gxf5 58. Nxf5 {Strongly threatening Ng7.} Be1 59. Ke4 h4 $2 {[%mdl 8192]} (59... Kd8 $16 60. Kd3 Kc8 61. Nd6+ Kd7) 60. g4 $18 Ke6 61. Nd4+ Ke7 62. Kf5 Kf8 63. Nf3 Bg3 64. Kf6 Kg8 65. Ng5 {Precision: White = 59%, Black = 41%.} 1-0

[Event "XVII MetLife Najdorf Open 2017"]
[Site "Warsaw"]
[Date "2017.07.11"]
[Round "3.38"]
[White "Zherebtsova, Alexandra"]
[Black "Deszczynski, Adam"]
[Result "1/2-1/2"]
[WhiteElo "2219"]
[BlackElo "2380"]
[Annotator "NA"]
[PlyCount "93"]
[EventDate "2017.??.??"]
[EventType "swiss"]
[EventCountry "POL"]
[SourceTitle "playchess.com"]
[Source "ChessBase"]
[SourceQuality "1"]
[TimeControl "40/5400+30:1800+30"]

1. d4 Nf6 2. Nf3 e6 3. c4 Bb4+ 4. Nbd2 b6 5. a3 Bxd2+ 6. Qxd2 Bb7 7. e3 a5 8. b3 d6 9. Be2 Nbd7 10. Bb2 O-O 11. O-O Qe7 12. Rfd1 Ne4 13. Qc2 f5 14. b4 Ng5 15. d5 Nxf3+ 16. Bxf3 e5 17. Be2 f4 18. exf4 Rxf4 19. Bc1 Rff8 20. Be3 Nf6 21. f3 Kh8 22. Qb3 Qf7 23. Bd3 h6 24. a4 axb4 25. Qxb4 Ra5 26. Bd2 Rfa8 27. Qb3 R5a7 28. a5 Nd7 29. Bb1 Bc8 30. Qc2 Nf6 31. f4 e4 32. Bc3 Bf5 33. h3 h5 34. Ra3 Rxa5 35. Bxa5 Rxa5 36. Rxa5 bxa5 37. Ba2 Nd7 38. Qa4 Nc5 39. Qxa5 Qg6 40. Qxc7 Bxh3 41. Qd8+ Kh7 42. Qg5 Qxg5 43. fxg5 Bg4 44. Re1 Kg6 45. Bb1 Bf5 46. Kf2 Kxg5 47. Ke3 1/2-1/2

[Event "XVII MetLife Najdorf Open 2017"]
[Site "Warsaw"]
[Date "2017.07.11"]
[Round "3.39"]
[White "Moehn, Hans"]
[Black "Rakesh Kumar Jena"]
[Result "1-0"]
[WhiteElo "2380"]
[BlackElo "2283"]
[Annotator "ChessBase"]
[PlyCount "63"]
[EventDate "2017.??.??"]
[EventType "swiss"]
[EventCountry "POL"]
[SourceTitle "playchess.com"]
[Source "ChessBase"]
[SourceQuality "1"]
[TimeControl "40/5400+30:1800+30"]

1. Nf3 f5 2. b3 Nf6 3. Bb2 g6 4. e3 Bg7 5. Be2 O-O 6. O-O b6 7. c4 Bb7 8. d4 a5 9. Nc3 Ne4 10. Nxe4 fxe4 11. Ne1 e6 12. Qd2 Nc6 13. f3 Ne7 14. fxe4 Rxf1+ 15. Bxf1 Bxe4 16. Bd3 Bb7 17. e4 a4 18. d5 Qf8 19. b4 a3 20. Bc3 b5 21. Nf3 bxc4 22. Bxc4 Bxc3 23. Qxc3 exd5 24. Bb3 Qg7 25. Rc1 Qxc3 26. Rxc3 c6 27. Nd4 Kh8 28. exd5 Rf8 29. Re3 c5 30. Rxe7 cxd4 31. b5 Rd8 32. Kf2 1-0

[Event "XVII MetLife Najdorf Open 2017"]
[Site "Warsaw"]
[Date "2017.07.11"]
[Round "3.40"]
[White "Aditya Mittal"]
[Black "Kaczmarek, Aleksander"]
[Result "1/2-1/2"]
[WhiteElo "2203"]
[BlackElo "2380"]
[Annotator "ChessBase"]
[PlyCount "110"]
[EventDate "2017.??.??"]
[EventType "swiss"]
[EventCountry "POL"]
[SourceTitle "playchess.com"]
[Source "ChessBase"]
[SourceQuality "1"]
[TimeControl "40/5400+30:1800+30"]

1. d4 c5 2. d5 e6 3. c4 exd5 4. cxd5 d6 5. Nc3 g6 6. e4 a6 7. a4 Bg7 8. Be2 Ne7 9. Nf3 O-O 10. O-O Bg4 11. Bf4 Nc8 12. Nd2 Bxe2 13. Qxe2 Nd7 14. Nc4 Ndb6 15. Nxb6 Qxb6 16. a5 Qc7 17. Qd2 Re8 18. Bh6 Bd4 19. Ne2 Rxe4 20. Nxd4 Rxd4 21. Rfe1 Ne7 22. Qe2 Re8 23. Ra3 Rxd5 24. f4 c4 25. Re3 Qc5 26. Kh1 Qxa5 27. Rxe7 Qxe1+ 28. Qxe1 Rxe7 29. Qc1 b5 30. h3 f6 31. Qa1 Rh5 32. Qxa6 Rxh6 33. Qxb5 Rh5 34. Qxc4+ Kg7 35. Qc6 d5 36. Qc5 Rb7 37. Qd4 Re7 38. b4 Re4 39. Qa7+ Kf8 40. b5 d4 41. b6 Rb5 42. Qd7 Re1+ 43. Kh2 Reb1 44. Qxd4 Rxb6 45. Qd8+ Kg7 46. Qe7+ Kg8 47. h4 R1b5 48. g3 Rb2+ 49. Kh3 R2b5 50. Qe8+ Kg7 51. Qd7+ Kg8 52. Qe7 h5 53. Qe8+ Kg7 54. f5 gxf5 55. Qe7+ Kg8 1/2-1/2

[Event "XVII MetLife Najdorf Open 2017"]
[Site "Warsaw"]
[Date "2017.07.11"]
[Round "3.41"]
[White "Raja Harshit"]
[Black "Adamski, Jan"]
[Result "1-0"]
[WhiteElo "2377"]
[BlackElo "2250"]
[Annotator "ChessBase"]
[PlyCount "57"]
[EventDate "2017.??.??"]
[EventType "swiss"]
[EventCountry "POL"]
[SourceTitle "playchess.com"]
[Source "ChessBase"]
[SourceQuality "1"]
[TimeControl "40/5400+30:1800+30"]

1. e4 c5 2. Nf3 a6 3. c3 g6 4. d4 cxd4 5. cxd4 d5 6. exd5 Nf6 7. Nc3 Bg7 8. Qb3 O-O 9. Be2 Nbd7 10. Ne5 Nb6 11. Bf3 a5 12. O-O a4 13. Qb5 Ne8 14. Bf4 Nd6 15. Qb4 Re8 16. Rac1 Bf8 17. Nb5 e6 18. Nxg6 hxg6 19. Bxd6 Nxd5 20. Bxd5 exd5 21. Bxf8 Rxf8 22. Nc7 Ra7 23. Rfe1 b5 24. Qc5 Rb7 25. Nxd5 Be6 26. Nb4 Rd7 27. Rcd1 Bd5 28. Qxb5 a3 29. bxa3 1-0

[Event "XVII MetLife Najdorf Open 2017"]
[Site "Warsaw"]
[Date "2017.07.11"]
[Round "3.42"]
[White "Zylka, Stanislaw"]
[Black "Karwowski, Kacper"]
[Result "1-0"]
[WhiteElo "2368"]
[BlackElo "2221"]
[Annotator "NA"]
[PlyCount "61"]
[EventDate "2017.??.??"]
[EventType "swiss"]
[EventCountry "POL"]
[SourceTitle "playchess.com"]
[Source "ChessBase"]
[SourceQuality "1"]
[TimeControl "40/5400+30:1800+30"]

1. d4 Nf6 2. Nf3 e6 3. g3 b6 4. Bg2 Bb7 5. O-O Be7 6. c4 O-O 7. Nc3 Ne4 8. Bd2 Bf6 9. Be1 d5 10. Qc2 Nxc3 11. Bxc3 dxc4 12. Ng5 Bxg5 13. Bxb7 Nd7 14. Bxa8 Qxa8 15. Bb4 c5 16. dxc5 bxc5 17. Bd2 Bf6 18. Bc3 Ne5 19. Rab1 Rb8 20. Bxe5 Bxe5 21. Qxc4 Rxb2 22. Rxb2 Bxb2 23. Rb1 Bf6 24. Qxc5 h6 25. Qc7 Qe4 26. Rb7 Qg6 27. Qc6 Bd4 28. Qe8+ Kh7 29. Qxf7 Qe4 30. Qf3 Qe5 31. Kg2 1-0

[Event "XVII MetLife Najdorf Open 2017"]
[Site "Warsaw"]
[Date "2017.07.11"]
[Round "3.43"]
[White "Pranav Vijay"]
[Black "Omar, Noaman"]
[Result "1/2-1/2"]
[WhiteElo "2265"]
[BlackElo "2354"]
[Annotator "ChessBase"]
[PlyCount "97"]
[EventDate "2017.??.??"]
[EventType "swiss"]
[EventCountry "POL"]
[SourceTitle "playchess.com"]
[Source "ChessBase"]
[SourceQuality "1"]
[TimeControl "40/5400+30:1800+30"]

1. e4 c6 2. d4 d5 3. exd5 cxd5 4. c4 Nf6 5. Nc3 g6 6. Bg5 Ne4 7. Bf4 Nxc3 8. bxc3 Bg7 9. Nf3 O-O 10. Bd3 dxc4 11. Bxc4 Nc6 12. O-O Na5 13. Bb3 b6 14. Re1 Bb7 15. Bg5 Re8 16. Ba4 Bc6 17. Bxc6 Nxc6 18. Qd3 Qd6 19. Re2 e6 20. Rd1 Rac8 21. Nd2 f5 22. h3 h6 23. Bh4 Qd5 24. f4 Nxd4 25. cxd4 Bxd4+ 26. Kf1 Rc3 27. Nf3 Rxd3 28. Rxd3 g5 29. Rxd4 Qc5 30. Bf2 gxf4 31. Ne5 Qb5 32. a4 Qa6 33. Bh4 b5 34. Rd7 Rf8 35. Bf2 bxa4 36. Bd4 Qb5 37. Nc6 Rc8 38. Ne7+ Kf7 39. Rxa7 Rc2 40. Nd5+ Kf8 41. Ra8+ Kf7 42. Ra7+ Kf8 43. Ra8+ Kf7 44. Ra7+ Kf8 45. Ra8+ Kf7 46. Ra7+ Kf8 47. Ra8+ Kf7 48. Ra7+ Kf8 49. Ra8+ 1/2-1/2

[Event "XVII MetLife Najdorf Open 2017"]
[Site "Warsaw"]
[Date "2017.07.11"]
[Round "3.44"]
[White "Spitzl, Vinzent"]
[Black "Dmochowska, Agnieszka"]
[Result "1-0"]
[WhiteElo "2348"]
[BlackElo "2202"]
[Annotator "ChessBase"]
[PlyCount "109"]
[EventDate "2017.??.??"]
[EventType "swiss"]
[EventCountry "POL"]
[SourceTitle "playchess.com"]
[Source "ChessBase"]
[SourceQuality "1"]
[TimeControl "40/5400+30:1800+30"]

1. e4 e6 2. d4 d5 3. e5 c5 4. c3 Nc6 5. Nf3 Bd7 6. Be2 Nge7 7. Na3 cxd4 8. cxd4 Qa5+ 9. Bd2 Qb6 10. Bc3 Ng6 11. Qd2 Be7 12. h4 O-O 13. h5 Nh8 14. h6 g6 15. Nc2 f6 16. exf6 Bxf6 17. Ne3 Nf7 18. Ng4 Bh8 19. Qe3 e5 20. Ngxe5 Nfxe5 21. dxe5 Qxe3 22. fxe3 Rae8 23. O-O-O Be6 24. Bb5 a6 25. Ba4 Bg4 26. Bb3 Bxf3 27. gxf3 Bxe5 28. Rxd5 Bxc3 29. bxc3 Kh8 30. Rd7 Rxe3 31. Rxb7 Rxc3+ 32. Kb2 Rcxf3 33. Rc1 Na5 34. Ra7 Rh3 35. Bd5 Rb8+ 36. Ka1 Rd3 37. Ra8 Rxa8 38. Bxa8 Rd8 39. Be4 Kg8 40. Rc5 Re8 41. Bd5+ Kf8 42. Rxa5 Re5 43. Kb2 Ke7 44. Kc3 Rh5 45. Kd4 Rxh6 46. Rxa6 Rh4+ 47. Ke3 g5 48. a4 Rh3+ 49. Ke4 h5 50. a5 Ra3 51. Ke5 Re3+ 52. Be4 h4 53. Ra7+ Ke8 54. a6 Ra3 55. Bc6+ 1-0

[Event "XVII MetLife Najdorf Open 2017"]
[Site "Warsaw"]
[Date "2017.07.11"]
[Round "3.45"]
[White "Baasansuren, Erdene"]
[Black "Lagunow, Raphael"]
[Result "0-1"]
[WhiteElo "2128"]
[BlackElo "2348"]
[Annotator "ChessBase"]
[PlyCount "80"]
[EventDate "2017.??.??"]
[EventType "swiss"]
[EventCountry "POL"]
[SourceTitle "playchess.com"]
[Source "ChessBase"]
[SourceQuality "1"]
[TimeControl "40/5400+30:1800+30"]

1. d4 d5 2. c4 c6 3. Nf3 Nf6 4. Qc2 e6 5. g3 Be7 6. Bg2 O-O 7. O-O Nbd7 8. Nbd2 b6 9. e4 Bb7 10. e5 Ne8 11. cxd5 cxd5 12. Re1 Rc8 13. Qa4 Nc7 14. Bf1 a5 15. Bd3 Ba6 16. Bb1 Nb8 17. Nf1 Nb5 18. Qd1 Nc6 19. h4 f5 20. exf6 Bxf6 21. Rxe6 Nbxd4 22. Ng5 h6 23. Qh5 Ne5 24. Rxe5 Bxe5 25. Bh7+ Kh8 26. Be3 Qf6 27. Bg6 Be2 28. g4 Bxg4 29. Nf7+ Qxf7 30. Qxg4 Qf3 31. Qg2 Ne2+ 32. Kh1 Qxg2+ 33. Kxg2 Nf4+ 34. Bxf4 Rxf4 35. h5 Rcf8 36. Ne3 Rxf2+ 37. Kh1 Bd4 38. Nxd5 R8f3 39. Re1 Rh3+ 40. Kg1 Rd2+ 0-1

[Event "XVII MetLife Najdorf Open 2017"]
[Site "Warsaw"]
[Date "2017.07.11"]
[Round "3.46"]
[White "Ghadiri, Radmehr"]
[Black "Martin, Julian"]
[Result "0-1"]
[WhiteElo "2125"]
[BlackElo "2332"]
[Annotator "ChessBase"]
[PlyCount "70"]
[EventDate "2017.??.??"]
[EventType "swiss"]
[EventCountry "POL"]
[SourceTitle "playchess.com"]
[Source "ChessBase"]
[SourceQuality "1"]
[TimeControl "40/5400+30:1800+30"]

1. d4 Nf6 2. c4 b6 3. Nc3 Bb7 4. Qc2 d5 5. cxd5 Nxd5 6. e4 Nxc3 7. bxc3 e5 8. d5 Bc5 9. Bd3 Nd7 10. Ne2 Qe7 11. c4 h5 12. Bb2 Qg5 13. g3 h4 14. f4 Qh6 15. O-O-O O-O-O 16. Qd2 f6 17. Rhf1 Rdf8 18. Kb1 Qg6 19. fxe5 fxe5 20. Rf5 hxg3 21. Nxg3 Rxf5 22. exf5 Qg4 23. Re1 Ba6 24. Ne4 Qh4 25. Re2 Bg1 26. c5 Bxd3+ 27. Qxd3 Bxc5 28. Nxc5 Nxc5 29. Qg3 Qa4 30. Re1 e4 31. h4 Nd3 32. Qxg7 Rxh4 33. Qg3 Qb4 34. Qg8+ Kb7 35. Re2 Rh1+ 0-1

[Event "XVII MetLife Najdorf Open 2017"]
[Site "Warsaw"]
[Date "2017.07.11"]
[Round "3.47"]
[White "Paszewski, Mateusz"]
[Black "Jeet, Jain"]
[Result "0-1"]
[WhiteElo "2323"]
[BlackElo "2191"]
[Annotator "ChessBase"]
[PlyCount "68"]
[EventDate "2017.??.??"]
[EventType "swiss"]
[EventCountry "POL"]
[SourceTitle "playchess.com"]
[Source "ChessBase"]
[SourceQuality "1"]
[TimeControl "40/5400+30:1800+30"]

1. e4 e5 2. Nf3 Nc6 3. Bc4 Bc5 4. O-O Nf6 5. d3 d6 6. c3 a6 7. a4 O-O 8. h3 h6 9. Re1 Ba7 10. Nbd2 Ne7 11. d4 Ng6 12. Bd3 Re8 13. Bc2 Be6 14. Nf1 Qc8 15. Ng3 b5 16. Be3 c5 17. axb5 axb5 18. Qd2 Kh7 19. Nf5 Bxf5 20. exf5 Nf8 21. dxe5 dxe5 22. Nh2 e4 23. Ng4 N8d7 24. Qe2 Qb7 25. Nxf6+ Nxf6 26. g4 c4 27. Bxa7 Rxa7 28. Rxa7 Qxa7 29. h4 h5 30. g5 Ng4 31. Kg2 Qc7 32. Rh1 Qf4 33. Rh3 Rd8 34. Re3 Qh2+ 0-1

[Event "XVII MetLife Najdorf Open 2017"]
[Site "Warsaw"]
[Date "2017.07.11"]
[Round "3.48"]
[White "Nasuta, Grzegorz"]
[Black "Sliwicka, Alicja"]
[Result "1-0"]
[WhiteElo "2455"]
[BlackElo "2164"]
[Annotator "TA"]
[PlyCount "81"]
[EventDate "2017.??.??"]
[EventType "swiss"]
[EventCountry "POL"]
[SourceTitle "playchess.com"]
[Source "ChessBase"]
[SourceQuality "1"]

{[%evp 16,81,43,43,41,51,70,29,50,20,27,25,33,22,35,19,38,30,30,30,30,30,30,30,59,59,57,54,121,94,146,118,126,128,135,120,149,157,165,160,165,172,331,325,661,616,871,877,866,782,740,705,685,681,1176,1176,1027,1111,29974,-652,29975,29976,29976,29977,29975,29975,29969,29961]} 1. e4 e6 2. d4 d5 3. Nc3 Bb4 4. e5 c5 5. a3 Bxc3+ 6. bxc3 Nc6 7. Qg4 g6 8. Nf3 Qa5 9. Bd2 Qa4 {C18: French: 3 Nc3 Bb4: Main line: 7 h4 and 7 Qg4} 10. Be2 c4 (10... b6 11. O-O cxd4 12. Nxd4 Nxd4 13. cxd4 Ba6 14. Bxa6 Qxa6 15. c4 Ne7 16. Bb4 Qb7 17. Bxe7 Qxe7 18. cxd5 exd5 {1-0 (50) Bobras,P (2523)-Socko,B (2613) Bialystok 2016}) 11. Bd1 Bd7 {White has an edge.} 12. h4 h6 13. Qf4 Rh7 14. Nh2 O-O-O 15. Ng4 Rf8 $146 ({Predecessor:} 15... Qb5 16. Bc1 Rf8 17. Nf6 Nxf6 18. Qxf6 {½-½ (55) Dojkova,G (2215)-Ning,C (2280) Sofia 1994}) 16. h5 g5 17. Qg3 Qa5 18. f4 gxf4 19. Qxf4 Qd8 20. O-O Nce7 21. Nf6 $36 {[%mdl 2048] White has good play.} Rg7 ({Black should play} 21... Nxf6 $14 22. Qxf6 (22. exf6 Nc6 $14) 22... Rfh8) 22. Bg4 Kb8 ({Better is} 22... Nc6) 23. Bh3 Ba4 24. Rac1 Ka8 25. Kh2 Qb6 26. Qf2 Qb2 27. Nxg8 Rfxg8 28. Bxh6 Rg3 $2 (28... Rh7) 29. Qxf7 $18 Qxa3 $2 (29... Qxc3 30. Bf4 (30. Qxe6 Rxg2+ 31. Kh1 R2g3 $19) 30... R3g7 31. Qxe6 Re8) 30. Bf4 R3g7 31. Qxe6 Qxc3 32. h6 Rh7 {[#]} 33. Bg5 $1 {[%mdl 512] White threatens Qxg8+! and mate.} Re8 (33... Rxg5 34. Rf8+) 34. Bxe7 {aiming for Rf8.} Rhxe7 {[#]} 35. Qxe7 $1 {[%mdl 512]} Rxe7 36. Rf8+ Re8 37. Rxe8+ Bxe8 38. h7 {White mates.} Qxd4 39. h8=Q {[%cal Rh8e8]} Qf4+ 40. g3 {[%cal Rh8e8]} Qd2+ 41. Bg2 {Precision: White = 76%, Black = 45%.} 1-0

[Event "XVII MetLife Najdorf Open 2017"]
[Site "Warsaw"]
[Date "2017.07.11"]
[Round "3.49"]
[White "Michalczak, Thomas"]
[Black "Tomczak, Mikolaj"]
[Result "0-1"]
[WhiteElo "2239"]
[BlackElo "2395"]
[Annotator "ChessBase"]
[PlyCount "90"]
[EventDate "2017.??.??"]
[EventType "swiss"]
[EventCountry "POL"]
[SourceTitle "playchess.com"]
[Source "ChessBase"]
[SourceQuality "1"]
[TimeControl "40/5400+30:1800+30"]

1. e4 e6 2. d4 d5 3. Nc3 Bb4 4. e5 c5 5. a3 Bxc3+ 6. bxc3 Qc7 7. Qg4 f5 8. Qg3 cxd4 9. cxd4 Ne7 10. Ne2 O-O 11. c3 b6 12. Nf4 Qd7 13. a4 Ba6 14. Bb5 Nec6 15. h4 Bxb5 16. axb5 Na5 17. h5 Qf7 18. h6 g6 19. Ba3 Rc8 20. Bb4 Nc4 21. Qg5 a5 22. g4 fxg4 23. Qxg4 Nd7 24. Ba3 Ndxe5 25. dxe5 Nxe5 26. Qxe6 Nd3+ 27. Kd2 Nxf4 28. Qxf7+ Kxf7 29. Bd6 Ne6 30. Rae1 Ng5 31. Re7+ Kf6 32. f3 d4 33. c4 Rxc4 34. f4 Nf7 35. Rhe1 Rac8 36. R1e6+ Kf5 37. Be5 Nxe5 38. Rxe5+ Kxf4 39. Re4+ Kf3 40. R4e6 R8c7 41. Rg7 Kf4 42. Re8 a4 43. Rh8 a3 44. Rgxh7 Rxh7 45. Rxh7 Kg5 0-1

[Event "XVII MetLife Najdorf Open 2017"]
[Site "Warsaw"]
[Date "2017.07.11"]
[Round "3.50"]
[White "Sahil, Tickoo"]
[Black "Nowak, Kamil"]
[Result "1/2-1/2"]
[WhiteElo "2234"]
[BlackElo "2362"]
[Annotator "ChessBase"]
[PlyCount "87"]
[EventDate "2017.??.??"]
[EventType "swiss"]
[EventCountry "POL"]
[SourceTitle "playchess.com"]
[Source "ChessBase"]
[SourceQuality "1"]
[TimeControl "40/5400+30:1800+30"]

1. d4 d5 2. Bf4 Nf6 3. e3 c5 4. c3 Nc6 5. Nd2 Bf5 6. Qb3 Qd7 7. Ngf3 e6 8. Ne5 Qc8 9. Bb5 Nd7 10. Qa4 Ncxe5 11. Bxe5 f6 12. Bg3 a6 13. Be2 b5 14. Qd1 Be7 15. a4 O-O 16. axb5 axb5 17. Rxa8 Qxa8 18. Bxb5 Qb7 19. Qe2 c4 20. e4 Bg6 21. Bxd7 Qxd7 22. O-O Ra8 23. Re1 Bf8 24. exd5 exd5 25. Bf4 Ra2 26. Nf3 Bd3 27. Qe8 Qxe8 28. Rxe8 Rxb2 29. Re1 g5 30. Be3 Rb3 31. Bd2 Ba3 32. h4 h6 33. Nh2 Rb2 34. Bc1 Rb1 35. Bd2 Rb2 36. Bc1 Rb1 37. Bd2 Rxe1+ 38. Bxe1 Bc1 39. Ng4 Kg7 40. hxg5 hxg5 41. Ne3 Be4 42. Nf1 Kf7 43. Bd2 Ba3 44. f3 1/2-1/2

[Event "XVII MetLife Najdorf Open 2017"]
[Site "Warsaw"]
[Date "2017.07.11"]
[Round "3.51"]
[White "Bartel, Michal"]
[Black "Reza, Wojciech"]
[Result "1-0"]
[WhiteElo "2343"]
[BlackElo "2258"]
[Annotator "ChessBase"]
[PlyCount "95"]
[EventDate "2017.??.??"]
[EventType "swiss"]
[EventCountry "POL"]
[SourceTitle "playchess.com"]
[Source "ChessBase"]
[SourceQuality "1"]
[TimeControl "40/5400+30:1800+30"]

1. e4 e5 2. Nf3 Nc6 3. Bb5 a6 4. Ba4 Nge7 5. c3 g6 6. d4 exd4 7. cxd4 b5 8. Bb3 Bg7 9. d5 Na5 10. Bd2 Nxb3 11. Qxb3 d6 12. Bc3 O-O 13. O-O c5 14. dxc6 Be6 15. Qa3 Bxc3 16. Qxc3 Rc8 17. Nd4 Qb6 18. Nxe6 fxe6 19. Qh3 Rf6 20. Nc3 b4 21. e5 Rf7 22. Ne4 Nf5 23. Ng5 Re7 24. exd6 Nxd6 25. Rae1 Qxc6 26. Rxe6 Rce8 27. Rfe1 Qd5 28. Qb3 Qxb3 29. axb3 Rxe6 30. Rxe6 Rxe6 31. Nxe6 Nb7 32. Kf1 Kf7 33. Ng5+ Ke7 34. Ne4 Ke6 35. Ke2 Kd5 36. Kd3 h6 37. Nf6+ Ke6 38. Ng4 h5 39. Ne3 Na5 40. Nc2 Nxb3 41. Nd4+ Nxd4 42. Kxd4 a5 43. Kc4 h4 44. Kb5 Kd5 45. Kxa5 Kc4 46. Ka4 g5 47. h3 b3 48. Ka3 1-0